000 00907nam a2200205Ia 4500
001 15002
003 GE_BSU
008 181216s||||||||xx |||||||||||||| ||und||
040 _cGE_BSU
080 _a82-93
100 _aქიაჩელი,ლეო
245 _aმოთხრობები. ნათელა. ოთხი პატარა ბიძინა და დიდი ქუჩა. იოთამის ფრთები და სხვა
245 _cილ.ნ.იანქოშვილი
260 _aთბილისი
260 _bსაბლიტგამი
260 _c1959
300 _a344გვ;21სმ.1 ფ.პორტრ.
653 _aმოთხრობები. ნათელა. ოთხი პატარა ბიძინა და დიდი ქუჩა. იოთამის ფრთები და სხვა
942 _cBK
999 _c48121
_d48121